Estudio de la oficina del S.N.E. Ante la comisión revisora de permisos de construcción
Uloženo v:
| Hlavní autor: | |
|---|---|
| Médium: | Kniha |
| Vydáno: |
San José, Costa Rica
1988
|
| Témata: | |
| Tagy: |
Přidat tag
Žádné tagy, Buďte první, kdo vytvoří štítek k tomuto záznamu!
|
MARC
| LEADER | 00000nam a2200000Ia 4500 | ||
|---|---|---|---|
| 003 | 007251 | ||
| 005 | 20221231144308.0 | ||
| 008 | 140114s1988 cr a m 000 ||s d | ||
| 040 | |c cru CEDI | ||
| 090 | |a TFG 2986 | ||
| 100 | |a Protti Quesada, Aldo José |9 11638 | ||
| 245 | |a Estudio de la oficina del S.N.E. Ante la comisión revisora de permisos de construcción | ||
| 260 | |c 1988 |a San José, Costa Rica | ||
| 300 | |a 135, 21 hojas : ilustraciones ; 28 cm | ||
| 500 | |a Practica dirigida (licenciatura en ingeniería industrial)--Universidad de Costa Rica. Facultad de Ingeniería. Escuela de Ingeniería Industrial | ||
| 650 | |x COSTA RICA.. COMISION REVISORA DE PERMISOS DE CONSTRUCCION. OFICINA DEL SERVICIO NACIONAL DE ELECTRICIDAD |9 11639 | ||
| 942 | |c TFG | ||
| 999 | |c 19740 |d 19740 | ||
